000 00322nam a2200109Ia 4500
008 171211s9999 xx 000 0 und d
245 _aHands-On Sencha Touch 2: A Real-World App Approach
245 _cLee Boonstra
260 _c2014
650 _xWeb Development
856 _uhttp://down.ebook777.com/017/9781449366520.pdf
999 _c350040
_d350040